| 000 | 00910nam a2200217 a 4500 | ||
|---|---|---|---|
| 001 | 000041257 | ||
| 005 | 20201002034730.0 | ||
| 008 | 130920s2004 sp 001 0 spa d | ||
| 020 | _a8400082540 | ||
| 040 |
_aDO-SdBNP _bspa _cBNPHU |
||
| 100 | 1 |
_aZapata y Sandoval, Juan _967859 |
|
| 245 | 1 | 0 |
_aDe iustitia distributiva et acceptione personarum ei opposita disceptatio / _cJuan Zapata y Sandoval ; edición crítica por C. Baciero ... [et al.]. |
| 260 |
_aMadrid : _bConsejo Superior de Investigaciones Científicas, _c2004. |
||
| 300 |
_a455 p. ; _c25 cm. |
||
| 490 | 1 |
_aCorpus Hispanorum de pace. _aSegunda serie ; _v12 |
|
| 504 | _aIncluye referencias bibliográficas y notas al pie de las páginas | ||
| 500 | _aIncluye índice | ||
| 700 | 1 |
_aBaciero,C. _eed. _967860 |
|
| 710 | 2 |
_aConsejo Superior de Investigaciones Científicas, _94786 |
|
| 830 | 0 |
_aCorpus Hispanorum de pace. _pSegunda serie _n12 _967861 |
|
| 999 |
_c40747 _d40747 |
||